Herbivorous fishes : Culture and use for weed management

This exciting new book focuses on freshwater, rather than marine, herbivorous fishes, primarily Chinese carp. Herbivorous fishes are important not only as food fish, but also as a means for biological vegetation control. Fish were placed into the herbivorous category if they consumed greater than fi...

全面介绍

Đã lưu trong:
书目详细资料
主要作者: Opuszynski, Karol
格式: 图书
语言:Undetermined
出版: London CRC Press 1995
主题:
标签: 添加标签
没有标签, 成为第一个标记此记录!
Thư viện lưu trữ: Trung tâm Học liệu Trường Đại học Cần Thơ
LEADER 01156nam a2200217Ia 4500
001 CTU_149280
008 210402s9999 xx 000 0 und d
082 |a 639.3 
082 |b O.62 
100 |a Opuszynski, Karol 
245 0 |a Herbivorous fishes : 
245 0 |b Culture and use for weed management 
245 0 |c Karol Opuszynski, Jerome V. Shireman 
260 |a London 
260 |b CRC Press 
260 |c 1995 
520 |a This exciting new book focuses on freshwater, rather than marine, herbivorous fishes, primarily Chinese carp. Herbivorous fishes are important not only as food fish, but also as a means for biological vegetation control. Fish were placed into the herbivorous category if they consumed greater than fifty percent plant material. Fish herbivory, including feeding methods, digestive processes, and energy relationships, is covered in detail. Culture, use for food, aquatic weed management, and effects on the environment are also discussed. 
650 |a Carp,Aquatic weeds,Fish-culture,Herbivores 
650 |x Biological control 
904 |i Trọng Hiếu 
980 |a Trung tâm Học liệu Trường Đại học Cần Thơ